प्रतिनिधि वेयंग और हास्य रचनाएं / (Record no. 112322)

MARC details
000 -LEADER
fixed length control field 01042nam a22002537a 4500
005 - DATE AND TIME OF LATEST TRANSACTION
control field 20170124102937.0
010 ## - LIBRARY OF CONGRESS CONTROL NUMBER
LC control number B-136999
020 ## - INTERNATIONAL STANDARD BOOK NUMBER
Terms of availability 350.00
International Standard Book Number 8176671525
035 ## - SYSTEM CONTROL NUMBER
System control number B-136999
037 ## - SOURCE OF ACQUISITION
Source of stock number/acquisition Cen Lib/Ret
040 ## - CATALOGING SOURCE
Original cataloging agency DPL
Language of cataloging HN
082 ## - DEWEY DECIMAL CLASSIFICATION NUMBER
Classification number 827
Item number चराटे
100 ## - MAIN ENTRY--PERSONAL NAME
Personal name चरटे, कृष्ण
9 (RLIN) 7558
245 ## - TITLE STATEMENT
Title प्रतिनिधि वेयंग और हास्य रचनाएं /
Statement of responsibility, etc कृष्ण चराटे
246 ## - VARYING FORM OF TITLE
Title proper/short title Vangya aur hasya rachnayen /
Remainder of title by Krishna Charate
260 ## - PUBLICATION, DISTRIBUTION, ETC. (IMPRINT)
Place of publication, distribution, etc दिल्ली
Name of publisher, distributor, etc भावना प्रकाशन
Date of publication, distribution, etc 2004
270 ## - ADDRESS
Address 109-A, पटपड़गंज
City दिल्ली
Postal code 110091
300 ## - PHYSICAL DESCRIPTION
Extent 304पृ.
Dimensions 21सेमी (सजिल्द)
650 ## - SUBJECT ADDED ENTRY--TOPICAL TERM
Topical term or geographic name as entry element हिंदी साहित्य
9 (RLIN) 47590
650 ## - SUBJECT ADDED ENTRY--TOPICAL TERM
Topical term or geographic name as entry element हिंदी साहित्य --कहानिया
9 (RLIN) 1009
650 ## - SUBJECT ADDED ENTRY--TOPICAL TERM
Topical term or geographic name as entry element Hindi literature
9 (RLIN) 47591
650 ## - SUBJECT ADDED ENTRY--TOPICAL TERM
Topical term or geographic name as entry element Hindi literature--Stories
9 (RLIN) 47592
942 ## - ADDED ENTRY ELEMENTS (KOHA)
Source of classification or shelving scheme Dewey Decimal Classification
Koha item type Hindi Books
Classification part 827
Call number suffix चराटे
Holdings
Withdrawn status Lost status Damaged status Not for loan Home library Current library Date acquired Source of acquisition Cost, normal purchase price Total Checkouts Full call number Barcode Date last seen Date checked out Copy number Cost, replacement price Price effective from Koha item type
        Central Library Central Library 07/08/2015 Cen Lib/Ret 350.00 1 827 चराटे B-136999 14/11/2019 02/11/2019 1 350.00 15/09/2016 Hindi Books

© Delhi Public Library
Hit Counter
free hit counter